[Event "SJRH-ch U18"]
[Site "Worms"]
[Date "2001.02.02"]
[Round "1"]
[White "Erbs, Axel"]
[Black "Breckner, Thomas"]
[Result "0-1"]
[WhiteElo "1545"]
[BlackElo "1251"]
[PlyCount "108"]
[EventDate "2001.01.02"]
[EventType "swiss"]
[EventRounds "7"]
[EventCountry "GER"]
[SourceTitle "EXT 2003"]
[Source "ChessBase"]
[SourceDate "2002.11.25"]
[SourceVersion "1"]
[SourceVersionDate "2002.11.25"]
[SourceQuality "1"]

1. e4 c5 2. Nf3 d6 3. d4 cxd4 4. Nxd4 Nf6 5. Nc3 Bd7 6. Bc4 Nc6 7. 0-0 e6 8. Bg5 a6 9. Re1 Be7 10. Rb1 b5 11. Bb3 h6 12. Be3 b4 13. Na4 Nxe4 14. Bxh6 Rxh6 15. Rxe4 d5 16. Rg4 Nxd4 17. Rxd4 Qa5 18. c3 bxc3 19. Nxc3 Bf6 20. Rd3 Qc7 21. h3 Ke7 22. Qe2 Bxc3 23. Rxc3 Qb7 24. Rbc1 Rc8 25. Rxc8 Bxc8 26. Bxd5 Qxd5 27. Rxc8 Rg6 28. g3 Qxa2 29. Rc7+ Kf8 30. Qd1 Qd5 31. Qc2 Rh6 32. Rc8+ Ke7 33. Qc7+ Qd7 34. Qc5+ Kf6 35. Qc3+ Kg6 36. Rc4 Rxh3 37. Rg4+ Kh5 38. Qf3 Kh6 39. Qe3+ Kh7 40. Qe4+ f5 41. Rh4+ Rxh4 42. Qxh4+ Kg6 43. Qc4 Qd1+ 44. Kh2 Qe1 45. Qd4 Kf7 46. Qa7+ Kf6 47. Qb6 g5 48. Qd8+ Kg6 49. Qb6 Kh5 50. Qa7 Kg4 51. Qd4+ f4 52. Kg2 Kf5 53. Qd3+ Qe4+ 54. Qxe4+ Kxe4 0-1